| 000 | 00396nam a2200157 a 4500 | ||
|---|---|---|---|
| 001 | 4176 | ||
| 003 | CDMR | ||
| 005 | 20130805120100.0 | ||
| 008 | 130130s2011||||||||||||||||||||||||||||d | ||
| 020 | _a9788439387015 | ||
| 040 |
_aCDMR _bcat _cCPC LLEIDA |
||
| 110 |
_92826 _aCentre d'Art Santa Mònica |
||
| 245 | 0 | _aCatalunya Visió | |
| 260 |
_aBarcelona _c2011 _bArts Santa Mònica |
||
| 942 |
_cMON _2ddc |
||
| 999 |
_c4176 _d4176 |
||